000 01145nac a22003377a 4500
001 BR0805127
003 BR-BrBNA
005 20240105123628.0
008 230509b bl.|||m| |||| 00| 0 por d
040 _aBR-BrBNA
_bpor
_cBiblioteca Nacional de Agricultura
072 _aE12; E50
090 _aE12 BR0805127
100 1 _aBalsadi, O.V.
110 1 _aEMBRAPA Informação Tecnológica, Brasília, DF (Brasil)
245 1 _aQualidade do emprego e condições de vida das famílias dos empregados na agricultura brasileira no período 1992-2004
260 3 _aBrasília, DF (Brasil):
_c2007.
300 _a134 p.
490 _aTexto para Discussão - EMBRAPA Informação Tecnológica (Brazil)
_vno. 25
_xISSN 1677-5473
500 _aBibliography p. 120-134; 25 tables; 11 illus.
650 _aEMPREGO
650 _aQUALIDADE
650 _aFAMILIA
650 _aESTATÍSTICA
650 _aAGRICULTURA
650 _aNÍVEL DE VIDA
650 _aESTATÍSTICA DE PRODUÇÃO
650 _aPRODUTO INTERNO BRUTO
650 _aCRESCIMENTO ECONÔMICO
909 _a202312
_bLúcia Elande
_c55
_dLúcia Elande
942 _2AGRIS
_n0
_cMS
999 _c296287
_d296287